| 000 | 00675nam a2200217Ia 4500 | ||
|---|---|---|---|
| 008 | 150520s9999 xx 000 0 und d | ||
| 050 | _aLC 4704.5 | ||
| 050 | _b.Y94 2015 | ||
| 100 | _aYu, Ma. Lizenne. | ||
| 245 | _aInfluence of SOS parenting on the social skills of neglected children witj oppositional defiant behavior / | ||
| 245 | _cMa. Lizenne Yu. | ||
| 260 | _aLas Piñas, Philippines : | ||
| 260 | _bSISC, | ||
| 260 | _c2015. | ||
| 300 | _a47 pages : | ||
| 300 | _billustrations ; | ||
| 300 | _c28 cm. | ||
| 500 | _aIncludes bibliographical references and appendices. | ||
| 650 | _aLearning disabled children | ||
| 650 | _aSocial skills in children | ||
| 999 |
_c284077 _d284077 |
||